[Event "Pan American-ch "]
[Site "?"]
[Date "1996.??.??"]
[Round "?"]
[White "Valenzuela, Luis"]
[Black "Leitao, Rafael"]
[Result "0-1"]
[WhiteElo "2270"]
[BlackElo "2445"]

1.d4 d5 2.c4 e6 3.Nc3 c6 4.e3 Nf6 5.Nf3 Nbd7 6.Qc2 Bd6 7.Be2 O-O 8.O-O e5
9.cxd5 cxd5 10.Nb5 Bb8 11.dxe5 Nxe5 12.Nxe5 Bxe5 13.Bd2 a6 14.Nd4 Re8 15.Bd3 Ne4
16.Bc3 Qd6 17.Nf3 Bxc3 18.bxc3 Bg4 19.Nd4 Rac8 20.Qb2 Nc5 21.Be2 Bxe2 22.Nxe2 Re7
23.Rfd1 Ne4 24.Rd4 Qf6 25.f3 Nd6 26.Nf4 Nc4 27.Qb3 Nxe3 28.Nxd5 Nxd5 29.Qxd5 h6
30.Rc4 Qb6+ 31.Kh1 Rd8 32.Qf5 Qb2 33.Qb1 Re2 34.Rb4 Qxc3 35.Rxb7 Qe5 36.Qf1 Rdd2
37.Rc1 Qe6 38.a4 Qg6 39.Rc8+ Kh7 40.Rxf7  0-1

[Event "Komercni Banka op"]
[Site "Pardubice"]
[Date "1996.??.??"]
[Round "1"]
[White "Khromov, Vladimir V"]
[Black "Berezin, Oleg"]
[Result "1/2-1/2"]
[WhiteElo "2240"]
[BlackElo "2455"]

1.Nf3 d5 2.c4 c6 3.d4 Nf6 4.Nc3 e6 5.e3 Nbd7 6.Bd3 dxc4 7.Bxc4 b5 8.Bd3 a6
9.a4 Bb7 10.O-O Be7 11.e4 b4 12.e5 bxc3 13.exf6 Nxf6 14.bxc3 c5 15.Rb1 Qc7
16.Bf4 Qxf4 17.Rxb7 Qd6 18.Qb3 cxd4 19.Rb6 Qd5 20.Bc4 Qa5 21.Nxd4 Bd8 22.Rxa6 Rxa6
23.Qb5+ Nd7 24.Qxa6 O-O 25.Qxa5 Bxa5 26.Bb5 Ne5 27.c4 Rc8 28.c5 g5 29.h3 h5
30.Rc1 g4 31.hxg4 hxg4 32.Kf1 Kf8 33.Ba6 Rd8 34.Nb3 Bc7 35.Ke2 Ke7 36.c6 f5
37.Rc3 f4 38.Bb7 f3+ 39.gxf3 gxf3+ 40.Ke3 Rf8 41.Ke4 Ng4 42.Rxf3 Nxf2+ 43.Ke3 Ng4+
44.Ke2 Rh8 45.a5 Rh2+ 46.Kd1 Ra2 47.a6 Bb6 48.Kc1 Ne5 49.Rc3 Kd6 50.Kb1 Ra4
51.Nc5 Rc4 52.Rxc4 Nxc4  1/2-1/2

[Event "Komercni Banka op"]
[Site "Pardubice"]
[Date "1996.??.??"]
[Round "3"]
[White "Sosnicki, Michal"]
[Black "Vavra, Pavel"]
[Result "1/2-1/2"]
[WhiteElo "2235"]
[BlackElo "2375"]

1.d4 d5 2.c4 c6 3.e3 Nf6 4.Nc3 e6 5.Nf3 Nbd7 6.Bd3 dxc4 7.Bxc4 b5 8.Bd3 a6
9.e4 c5 10.d5 c4 11.Bc2 e5 12.O-O Bd6 13.Ne2 O-O 14.Ng3 g6 15.Qe2 Re8 16.a4 Bb7
17.Bg5 Qb6 18.Rfb1 Rac8 19.axb5 axb5 20.b3 c3 21.b4 Rc4 22.Bd3 Rxb4 23.Rxb4 Bxb4
24.Bxb5 Ra8 25.Rxa8+ Bxa8 26.Qc4 Qc5 27.Qxc5 Bxc5 28.Bc6 c2 29.Bxa8 Ng4 30.Ne1 Bxf2+
31.Kf1 Be3 32.Nxc2 Nxh2+ 33.Ke2 Bxg5 34.Bc6 Nc5 35.d6 Kf8 36.Nb4 Bf4 37.Nf1 Nxf1
38.Kxf1 Bd2 39.Nc2 Ne6 40.Ke2 Ba5 41.Kf3 Bb6 42.Bd5 Bc5 43.Bxe6 fxe6 44.Ne1 Bxd6
45.Nd3 Kf7 46.g4 g5 47.Nf2 Bc5 48.Nh1 Bb4  1/2-1/2

[Event "Komercni Banka op"]
[Site "Pardubice"]
[Date "1996.??.??"]
[Round "3"]
[White "Neuman, Petr"]
[Black "Trefny, Vlastimil"]
[Result "1-0"]
[WhiteElo "2205"]
[BlackElo "2325"]

1.d4 d5 2.c4 c6 3.Nf3 Nf6 4.Nc3 e6 5.e3 Nbd7 6.Bd3 Bd6 7.O-O O-O 8.e4 dxc4
9.Bxc4 e5 10.Bg5 Qe7 11.Re1 Re8 12.Qd2 Nf8 13.h3 h6 14.Bh4 Ng6 15.Bg3 Nh5
16.Bh2 Nhf4 17.Rad1 Nh4 18.Nxh4 Qxh4 19.Bg3 Qg5 20.Ne2 Be6 21.Bxe6 Rxe6 22.Bxf4 exf4
23.e5 f3 24.Qxg5 hxg5 25.gxf3 Bb4 26.Nc3 Rae8 27.Re4 f5 28.exf6 Bxc3 29.bxc3 Rxe4
30.fxe4 Rxe4 31.fxg7 Re2 32.d5 cxd5 33.Rxd5 Rxa2 34.Rxg5 Rc2 35.h4 Rxc3 36.h5 a5
37.h6 Rh3 38.Rg6 a4 39.Kg2 Rh5 40.Rf6 Rg5+ 41.Kf3 a3 42.Rf8+ Kh7 43.Rh8+ Kg6  1-0

[Event "Komercni Banka op"]
[Site "Pardubice"]
[Date "1996.??.??"]
[Round "3"]
[White "Kazhgaleyev, Murtas"]
[Black "Hladik, Josef"]
[Result "1-0"]
[WhiteElo "2525"]
[BlackElo "2185"]

1.d4 d5 2.c4 c6 3.Nc3 Nf6 4.e3 e6 5.Nf3 Nbd7 6.Bd3 dxc4 7.Bxc4 b5 8.Bd3 Bb7
9.O-O a6 10.e4 c5 11.d5 c4 12.Bc2 Nc5 13.Bg5 h6 14.Bxf6 Qxf6 15.e5 Qe7 16.d6 Qd7
17.b4 cxb3 18.axb3 b4 19.Na4 Nxa4 20.bxa4 f5 21.Nd4 Bxd6 22.exd6 Qxd6 23.Qh5+ Kf8
24.Rad1 Bd5 25.Rfe1 Kg8 26.Nxe6 Qc6 27.Nd4 Qb7 28.Re8+  1-0

[Event "Komercni Banka op"]
[Site "Pardubice"]
[Date "1996.??.??"]
[Round "4"]
[White "Likavsky, Tomas"]
[Black "Rodin, Mihail"]
[Result "0-1"]
[WhiteElo "2305"]
[BlackElo "2430"]

1.d4 d5 2.c4 e6 3.Nc3 c6 4.Nf3 Nf6 5.e3 Nbd7 6.Bd3 Bd6 7.e4 dxe4 8.Nxe4 Nxe4
9.Bxe4 O-O 10.O-O Re8 11.Qc2 h6 12.Be3 c5 13.Rfd1 Qc7 14.dxc5 Nxc5 15.Bh7+ Kh8
16.b4 Nd7 17.c5 Be7 18.Nd4 a6 19.Be4 Nf6 20.Bf3 Bd7 21.Bxb7 Qxb7 22.c6 Bxc6
23.Nxc6 Rac8 24.Rdc1 Nd5 25.Bd2 Bf6 26.Rab1 Ne7 27.Qa4 Rxc6  0-1

[Event "Komercni Banka op"]
[Site "Pardubice"]
[Date "1996.??.??"]
[Round "4"]
[White "Berezovics, Alexander"]
[Black "Fridman, Daniel"]
[Result "0-1"]
[WhiteElo "2360"]
[BlackElo "2500"]

1.d4 Nf6 2.Nf3 d5 3.c4 c6 4.Nc3 e6 5.e3 Nbd7 6.Qc2 Bd6 7.b3 O-O 8.Bb2 Qe7
9.Be2 b6 10.O-O Bb7 11.Rad1 Rac8 12.e4 dxe4 13.Nxe4 Ba3 14.Ba1 c5 15.Bd3 Nxe4
16.Bxe4 Bxe4 17.Qxe4 Nf6 18.Qh4 cxd4 19.Rxd4 Rfd8 20.Ne5 Bc5 21.Rxd8+ Qxd8
22.Ng4 Ne8 23.Qg3 Qd2 24.Nf6+ Nxf6 25.Bxf6 Bf8 26.a4 h6 27.h3 Qe2 28.Rc1 Kh7
29.Bc3 Rd8 30.Qg4 Qd3 31.Qf4 f6 32.g3 Ba3 33.Ra1 Qxc3 34.Rxa3 Qb2  0-1

[Event "Komercni Banka op"]
[Site "Pardubice"]
[Date "1996.??.??"]
[Round "6"]
[White "Stern, Rene"]
[Black "Rapoport, Igor"]
[Result "1/2-1/2"]
[WhiteElo "2450"]
[BlackElo "2300"]

1.d4 d5 2.c4 c6 3.Nf3 Nf6 4.Nc3 e6 5.e3 Nbd7 6.Qc2 Bd6 7.Be2 O-O 8.O-O Re8
9.Rd1 Qe7 10.e4 dxe4 11.Nxe4 Nxe4 12.Qxe4 e5 13.Bg5 f6 14.Be3 exd4 15.Qxe7 Bxe7
16.Nxd4 Bc5 17.Kf1 a5 18.h3 g6 19.g4 Bf8 20.Rac1 Nc5 21.Rc2 Kf7 22.Bf3 a4
23.Ne2 Ne6 24.Nc3 Nc5 25.Ne2 Ne6 26.Nc3 Nc5  1/2-1/2

[Event "Komercni Banka op"]
[Site "Pardubice"]
[Date "1996.??.??"]
[Round "9"]
[White "Gorbatow, Alexej"]
[Black "Spesny, Jan"]
[Result "1-0"]
[WhiteElo "2415"]
[BlackElo "2330"]

1.c4 Nf6 2.Nf3 c6 3.Nc3 d5 4.d4 e6 5.e3 Nbd7 6.a3 Bd6 7.Bd3 O-O 8.Bd2 b6
9.O-O Bb7 10.b4 dxc4 11.Bxc4 c5 12.Nb5 Be7 13.bxc5 bxc5 14.Qe1 Bxf3 15.Ba5 Qc8
16.gxf3 a6 17.Nc7 Ra7 18.Nxe6 fxe6 19.Bxe6+ Kh8 20.d5 Qe8 21.f4 Qg6+ 22.Kh1 Bd6
23.f3 Re8 24.Qh4 Nf8 25.f5 Qh5 26.Qxh5 Nxh5 27.Bc3 Nxe6 28.fxe6 Rb7 29.a4 Kg8
30.Rg1 Rb3 31.Rac1 Kf8 32.Rc2 Reb8 33.Rg5 Nf6 34.e4 Be7 35.Be5 Rb1+ 36.Kg2 Rd8
37.Bc7 h6 38.Rf5 Ke8 39.Bxd8 Bxd8 40.d6 Rb6 41.e5 Nd5 42.Rf7 Rb7 43.Rxb7 Ne3+
44.Kh3 Nxc2 45.Rxg7  1-0

[Event "Paris op"]
[Site "Paris"]
[Date "1996.??.??"]
[Round "3"]
[White "Blees, Albert"]
[Black "Prie, Eric"]
[Result "0-1"]
[WhiteElo "2405"]
[BlackElo "2500"]

1.d4 d5 2.c4 c6 3.Nc3 Nf6 4.Nf3 e6 5.e3 Nbd7 6.Qc2 b6 7.Be2 Bb7 8.O-O Bd6
9.e4 dxe4 10.Nxe4 Nxe4 11.Qxe4 O-O 12.Bg5 Qc7 13.Bd3 g6 14.Rfe1 c5 15.d5 Rfe8
16.Bh6 Qd8 17.Ng5 exd5 18.Qh4 Qf6 19.cxd5 Bxd5 20.Bb5 Rxe1+ 21.Rxe1 Ne5 22.Rd1 Bc6
23.Bxc6 Nxc6 24.Bg7 Bxh2+ 25.Kxh2 Qxg7 26.Rd7 Ne5 27.Ne6 Qf6 28.Qe4 Rb8 29.Rd5 Qxe6
30.Qxe5 Qxe5+ 31.Rxe5 Kf8 32.Kg3 Rd8 33.Re3 Rd7 34.Rb3 Ke7 35.a4 Rd4 36.a5 Rb4
37.Re3+ Kd6 38.axb6 axb6 39.Rd3+ Kc6 40.b3 Rd4 41.Re3 Rd7  0-1

[Event "Paris op"]
[Site "Paris"]
[Date "1996.??.??"]
[Round "5"]
[White "Nikcevic, Nebojsa"]
[Black "Korneev, Oleg"]
[Result "1/2-1/2"]
[WhiteElo "2485"]
[BlackElo "2590"]

1.d4 d5 2.c4 e6 3.Nf3 Nf6 4.Nc3 c6 5.e3 Nbd7 6.Qc2 Bd6 7.Bd3 O-O 8.O-O dxc4
9.Bxc4 b5 10.Bd3 Bb7 11.Bd2 a6 12.Ng5 h6 13.Nge4 Be7 14.Nxf6+ Nxf6 15.Ne4 Nxe4
16.Bxe4 a5 17.a3  1/2-1/2

[Event "Wch U14 Disney"]
[Site "Paris"]
[Date "1996.??.??"]
[Round "6"]
[White "Vavrak, Peter"]
[Black "Bacrot, Etienne"]
[Result "0-1"]
[WhiteElo "2105"]
[BlackElo "2470"]

1.d4 d5 2.c4 c6 3.Nf3 e6 4.e3 Nf6 5.Nc3 Nbd7 6.Bd3 dxc4 7.Bxc4 b5 8.Bb3 Be7
9.O-O O-O 10.a3 Bb7 11.e4 c5 12.e5 Ng4 13.Nxb5 cxd4 14.Nbxd4 Ngxe5 15.Bf4 Bf6
16.Qe2 Nxf3+ 17.Nxf3 Nb6 18.Be5 Bxf3 19.gxf3 Qe7 20.Rac1 Rac8 21.f4 Bxe5
22.Qxe5 Nd7 23.Qe3 Nf6 24.Rxc8 Rxc8 25.Rd1 g6 26.h3 Nh5 27.Qe5  0-1

[Event "Paris op"]
[Site "Paris"]
[Date "1996.??.??"]
[Round "9"]
[White "Izeta Txabarri, Felix"]
[Black "Prie, Eric"]
[Result "1/2-1/2"]
[WhiteElo "2470"]
[BlackElo "2500"]

1.d4 d5 2.c4 c6 3.Nf3 Nf6 4.Nc3 e6 5.e3 Nbd7 6.Bd3 Bd6 7.O-O O-O 8.e4 dxe4
9.Bxe4 e5 10.Bg5 Qe7 11.Re1 Rd8 12.d5 h6 13.Bh4 Nf8 14.Nd2 Ng6 15.Bg3 Bb4
16.dxc6 Bxc3  1/2-1/2

[Event "Parnu-C"]
[Site "Parnu"]
[Date "1996.??.??"]
[Round "4"]
[White "Piarnpuu, Leili"]
[Black "Stjazhkina, Olga"]
[Result "1-0"]
[WhiteElo "2245"]
[BlackElo "2200"]

1.d4 d5 2.Nf3 e6 3.c4 c6 4.e3 Nf6 5.Nc3 Nbd7 6.Qc2 Bd6 7.Be2 O-O 8.O-O Qe7
9.Rd1 dxc4 10.Bxc4 e5 11.e4 exd4 12.Nxd4 Ne5 13.Bf1 Ng6 14.h3 Re8 15.Nf3 Bc7
16.Re1 h6 17.a3 a5 18.Be3 Nh5 19.g3 b5 20.Bg2 Bb7 21.Nd4 Ne5 22.Nf5 Qf8 23.Nxb5 cxb5
24.Qxc7 Bc6 25.Rec1 Rac8 26.Qxa5 Nc4 27.Rxc4 bxc4 28.Bc5 Re5 29.Bxf8 Rxa5
30.Bb4 Re5 31.Ne7+ Rxe7 32.Bxe7 Re8 33.Bb4 Bxe4 34.Re1 f5 35.Bf1 Rc8 36.Rc1 Nf6
37.Rxc4 Rb8 38.Rc7 Rd8 39.Rc1 Kh7 40.Bg2 Rd3 41.Bxe4 fxe4 42.Kf1 Nd5 43.Rc4 e3
44.Bc3 exf2 45.Kxf2 Nxc3 46.bxc3 g5 47.a4 Kg6 48.a5 Rd2+ 49.Ke3 Ra2 50.Rc6+ Kf7
51.g4 Ke7 52.a6 h5 53.gxh5 Rh2 54.a7 Rxh3+ 55.Kf2 Rh2+ 56.Kg3 Ra2 57.Rc7+  1-0

[Event "Parnu-C"]
[Site "Parnu"]
[Date "1996.??.??"]
[Round "7"]
[White "Tsiganova, Monika"]
[Black "Stjazhkina, Olga"]
[Result "1/2-1/2"]
[WhiteElo "2280"]
[BlackElo "2200"]

1.d4 d5 2.c4 c6 3.Nf3 Nf6 4.Nc3 e6 5.e3 Nbd7 6.Qc2 Bd6 7.Be2 O-O 8.O-O Re8
9.Rd1 Qe7 10.h3 h6 11.a3 dxc4 12.Bxc4 e5 13.e4 exd4 14.Nxd4 Ne5 15.Bf1 Ng6
16.Be3 Bc7 17.Re1 Qe5 18.Nf3 Qh5 19.Nh2 Qe5 20.Nf3 Qh5 21.Nh2 Qe5 22.g3 Qh5
23.Qd1 Qxd1 24.Raxd1 Be6 25.Nf3 Bb3 26.Rc1 Ne5 27.Nd2 Rad8 28.Kg2 Be6 29.Rc2 Bb6
30.Bxb6 axb6 31.Na4 b5 32.Nc5 Bc8 33.f4 Ned7 34.Nd3 Nb6 35.Nf2 Be6 36.Be2 Re7
37.Nf3 Red7 38.g4 Nc4 39.Bxc4 Bxc4 40.Rc3 Re7 41.f5 Rde8 42.b3 Bd5 43.exd5 Rxe1
44.Nxe1 Rxe1 45.dxc6 bxc6 46.b4 Ra1 47.Nd3 Nd5 48.Rxc6 Rxa3 49.Rc8+ Kh7 50.Ne5 Nf4+
51.Kf1 Ra1+ 52.Kf2 Nxh3+ 53.Ke2 Ra7 54.Kd3 g6 55.fxg6+ fxg6 56.Rb8 h5 57.gxh5 gxh5
58.Rxb5 Ra3+ 59.Ke4 Nf2+ 60.Kf5 h4 61.Rb7+ Kh6 62.Rb6+ Kg7 63.Rg6+ Kf8 64.Rg2 Nd3
65.Ng6+ Kf7 66.Nxh4 Nxb4 67.Rb2 Ra5+  1/2-1/2

[Event "GER-ch U20 qual3"]
[Site "Pinneberg"]
[Date "1996.??.??"]
[Round "1"]
[White "Kipper, Jens"]
[Black "David, Rene"]
[Result "0-1"]
[WhiteElo "2220"]
[BlackElo "2235"]

1.d4 d5 2.c4 c6 3.Nc3 Nf6 4.e3 e6 5.Nf3 Nbd7 6.Qc2 Bd6 7.Bd3 O-O 8.O-O e5
9.cxd5 cxd5 10.Nb5 Bb8 11.dxe5 Nxe5 12.Nxe5 Bxe5 13.h3 Qb6 14.a4 a5 15.Bd2 Ne4
16.Bxe4 dxe4 17.Qxe4 Bxb2 18.Rab1 Qf6 19.Nd6 Qxd6 20.Rxb2 Bd7 21.Bc3 Bc6
22.Qg4 Qg6 23.Qxg6 hxg6 24.Ra1 Rfd8 25.Bd4 Rd5 26.Rc2 f6 27.Rc4 Rg5 28.g3 Rh5
29.h4 g5 30.Bb6 Kf7 31.Ra3 gxh4 32.Rxh4 Rah8 33.Bxa5 Rxh4 34.gxh4 Rxh4 35.f4 g5
36.fxg5 fxg5 37.Bc7 Bxa4 38.Bg3 Rc4 39.Ra2 Ke6 40.Kf2 Kf5 41.Rb2 b5 42.Bd6 Ke4
43.Rb4 Kd5 44.Be7 Rxb4 45.Bxb4 Bc2 46.Kf3 Bd1+ 47.Kg3 Ke4 48.Be7 g4 49.Bc5 Be2
50.Bd4 b4 51.Bc5 b3 52.Bd4 Kf5 53.Bb2 Bf3 54.Bc1 Bd5 55.Bb2 Be6  0-1

[Event "Plzen opJ-B"]
[Site "Plzen"]
[Date "1996.??.??"]
[Round "9"]
[White "Vitak, P."]
[Black "Petek, Pavel"]
[Result "1/2-1/2"]
[WhiteElo "1925"]
[BlackElo "1695"]

1.d4 d5 2.c4 c6 3.e3 Nf6 4.Nc3 e6 5.Nf3 Bb4 6.Qb3 Bxc3+ 7.bxc3 O-O 8.Bd3 Nbd7
9.cxd5 exd5 10.Ba3 Re8 11.O-O Ne4 12.c4 Nb6 13.cxd5 Qxd5 14.Qxd5 cxd5 15.Rfc1 Bf5
16.Ne1 Bg6 17.Rc7 Rab8 18.Bb4 Rec8 19.Re7 Nc4 20.f3 Ned6 21.Bxg6 hxg6 22.Bxd6 Nxd6
23.Rb1 Rd8  1/2-1/2

[Event "JUG-ch Podgorica"]
[Site "Podgorica"]
[Date "1996.??.??"]
[Round "2"]
[White "Mozetic, Dejan"]
[Black "Blagojevic, Dragisa"]
[Result "1-0"]
[WhiteElo "2495"]
[BlackElo "2450"]

1.d4 d5 2.c4 c6 3.Nc3 Nf6 4.e3 e6 5.Nf3 Nbd7 6.Qc2 Bd6 7.g4 dxc4 8.Bxc4 e5
9.g5 Nd5 10.Bd2 exd4 11.Nxd4 N5b6 12.Be2 Be5 13.O-O-O Bxd4 14.exd4 Nf8 15.Rhe1 Ne6
16.Bd3 Kf8 17.Be3 Nc7 18.d5 Nbxd5 19.Bxh7 Be6 20.Nxd5 cxd5 21.Bc5+ Ke8 22.g6 Qg5+
23.Be3 Qe7 24.Kb1 Rc8 25.gxf7+ Kxf7 26.Bc5 Qf6 27.Bd4 Qh6 28.Bf5 Nb5 29.Rxe6 Qf4
30.Re7+ Kxe7 31.Bxc8 Nxd4 32.Re1+ Kd6 33.Qg6+ Qf6 34.Qg3+ Kc6 35.Rc1+ Kb5
36.Qd3+ Kb6 37.Bd7  1-0

[Event "JUG-ch Podgorica"]
[Site "Podgorica"]
[Date "1996.??.??"]
[Round "4"]
[White "Drasko, Milan"]
[Black "Kosic, Dragan"]
[Result "1/2-1/2"]
[WhiteElo "2505"]
[BlackElo "2515"]

1.d4 d5 2.c4 c6 3.e3 Nf6 4.Nc3 e6 5.Nf3 Nbd7 6.Qc2 Bd6 7.b3 O-O 8.Be2 b6
9.O-O Bb7 10.Bb2 Qe7 11.Rfd1 Rfd8 12.e4 dxe4 13.Nxe4 Nxe4 14.Qxe4  1/2-1/2

[Event "JUG-ch Podgorica"]
[Site "Podgorica"]
[Date "1996.??.??"]
[Round "5"]
[White "Ilincic, Zlatko"]
[Black "Karaklajic, Nikola"]
[Result "1-0"]
[WhiteElo "2555"]
[BlackElo "2400"]

1.d4 d5 2.c4 e6 3.Nc3 c6 4.e3 Nf6 5.Nf3 Nbd7 6.Bd3 a6 7.O-O dxc4 8.Bxc4 b5
9.Bb3 Bb7 10.e4 b4 11.e5 bxc3 12.exf6 Nxf6 13.bxc3 Bd6 14.Rb1 Qc7 15.c4 O-O
16.c5 Be7 17.Bg5 a5 18.Re1 Ba6 19.Ne5 Rad8 20.Qf3 Nd5 21.Bd2 Bf6 22.Bc2 Ne7
23.Qe4 g6 24.Bf4 Qc8 25.Ng4 Bg7 26.Bd6 Nf5 27.Bxf8 Rxd4 28.Qf3 Bxf8 29.Bxf5 gxf5
30.Nf6+  1-0

[Event "JUG-ch Podgorica"]
[Site "Podgorica"]
[Date "1996.??.??"]
[Round "6"]
[White "Gligoric, Svetozar"]
[Black "Stojanovic, Mihajlo"]
[Result "1/2-1/2"]
[WhiteElo "2475"]
[BlackElo "2435"]

1.d4 e6 2.c4 d5 3.Nf3 c6 4.e3 Nf6 5.Nc3 Nbd7 6.Bd3 dxc4 7.Bxc4 b5 8.Bd3 a6
9.e4 c5 10.d5 Qc7 11.O-O c4 12.Bc2 Bc5 13.Bg5 Bb7 14.Qe2 O-O 15.dxe6 fxe6
16.Rae1 Ng4 17.e5 Rf7 18.Bh4 Bxf3 19.gxf3 Ndxe5 20.Bg3 Nxf3+ 21.Qxf3 Rxf3
22.Bxc7 Rxf2 23.Ne4 Rxf1+ 24.Kxf1 Ne3+ 25.Rxe3 Bxe3 26.Ke2 Bd4 27.b4 e5 28.a4 Rf8
29.axb5 axb5 30.h4 h6 31.h5 Rf5 32.Nd6 Rxh5 33.Nxb5 Rh2+ 34.Kd1 c3 35.Nxd4 Rd2+
36.Kc1 exd4 37.b5 d3 38.Bxd3 Rxd3 39.b6 Rd2 40.b7 Rb2 41.b8=Q+ Rxb8 42.Bxb8 Kf7  1/2-1/2

[Event "JUG-ch Podgorica"]
[Site "Podgorica"]
[Date "1996.??.??"]
[Round "9"]
[White "Blagojevic, Dragisa"]
[Black "Kosic, Dragan"]
[Result "1/2-1/2"]
[WhiteElo "2450"]
[BlackElo "2515"]

1.d4 d5 2.c4 c6 3.Nf3 Nf6 4.Nc3 e6 5.e3 Nbd7 6.Bd3 dxc4 7.Bxc4 b5 8.Bd3 a6
9.e4 c5 10.e5 cxd4 11.Nxb5 axb5 12.exf6 gxf6 13.O-O Qb6 14.Be4 Bb7 15.Bxb7 Qxb7
16.Nxd4 Rg8 17.f3 Bc5 18.Kh1 Ra4 19.Ne2 Qb8 20.Qe1 Bd6 21.b3 Ra6 22.Qh4 Ke7
23.Bf4 Ne5 24.Rfd1 b4 25.Ng3 Ng6 26.Bxd6+ Rxd6 27.Qe4 Rxd1+ 28.Rxd1 Rc8 29.Nf5+ Kf8
30.Ne3 Kg7 31.Nc2 Qa7 32.Nxb4 Qa3 33.h3 Rb8 34.Rd4 Qc1+ 35.Kh2 f5 36.Qc2 Qe3
37.Qd3 Qf2 38.Qc3 e5 39.Rd2 Qh4 40.Nd5 f4 41.Re2 Rd8 42.Rxe5 Nxe5 43.Qxe5+ f6
44.Qc7+ Kh6 45.Qxd8  1/2-1/2

[Event "JUG-ch Podgorica"]
[Site "Podgorica"]
[Date "1996.??.??"]
[Round "10"]
[White "Stojanovic, Mihajlo"]
[Black "Blagojevic, Dragisa"]
[Result "1-0"]
[WhiteElo "2435"]
[BlackElo "2450"]

1.d4 d5 2.c4 c6 3.Nc3 Nf6 4.e3 e6 5.Nf3 Nbd7 6.Bd3 dxc4 7.Bxc4 b5 8.Bd3 a6
9.e4 c5 10.d5 c4 11.dxe6 fxe6 12.Bc2 Qc7 13.O-O Bc5 14.e5 Nxe5 15.Bf4 Bd6
16.Ng5 Nd3 17.Bxd6 Qxd6 18.Bxd3 Qxd3 19.Qxd3 cxd3 20.Rad1 Ke7 21.Rxd3 Rd8
22.Rxd8 Kxd8 23.Re1 Ke7 24.f4 Rb8 25.f5 b4 26.Na4 Kd6 27.Nxe6 g6 28.Rd1+ Ke7
29.Nd4 Kf7 30.fxg6+ hxg6 31.h3 Rb7 32.Nc5 Rc7 33.Nd3 Nd5 34.Nc6 Bf5 35.Ncxb4 Nxb4
36.Nxb4 Rb7 37.a3 a5 38.Nd3 Kf6 39.b4 axb4 40.Nxb4 Ra7 41.Ra1 Be4 42.Re1 Kf5
43.Re3 Rd7 44.Re2 Ra7 45.Ra2 g5 46.a4 Ra5 47.Kf2 Kf4 48.g3+ Ke5 49.Ke3 Ra8
50.a5 Rf8 51.Nd3+ Kd5 52.Nf2 Rf3+ 53.Ke2 Rxg3 54.Nxe4 Kxe4 55.Ra4+  1-0

[Event "JUG-ch Podgorica"]
[Site "Podgorica"]
[Date "1996.??.??"]
[Round "11"]
[White "Ilincic, Zlatko"]
[Black "Kosic, Dragan"]
[Result "1-0"]
[WhiteElo "2555"]
[BlackElo "2515"]

1.d4 d5 2.c4 c6 3.Nf3 Nf6 4.Nc3 e6 5.e3 Nbd7 6.Bd3 dxc4 7.Bxc4 b5 8.Bb3 Bb7
9.O-O b4 10.Na4 c5 11.Bd2 cxd4 12.Nxd4 Bd6 13.Rc1 Rc8 14.Qe2 O-O 15.Qb5 Rxc1
16.Rxc1 Qa8 17.f3 Rc8 18.Rxc8+ Qxc8 19.Qa5 a6 20.Bxb4 Bc7 21.Qg5 Qb8 22.Qh4 Ne5
23.Bc3 Nd5 24.Bd2 Ng6 25.Qh3 e5 26.Ne6 Bd8 27.Nec5 Bc8 28.g4 Qd6 29.Ne4 Qc6
30.Qf1 Nh4 31.Kf2 Nf6 32.Qc4 Nxe4+ 33.Qxe4 Qxe4 34.fxe4 Bxg4 35.Nc5 Nf3 36.Bc3 Bh4+
37.Kg2 Ng5 38.Bd5 Bh3+ 39.Kh1 Nf3 40.Nd3 Bf6 41.Bb7 Bg5 42.Nxe5 Nxe5 43.Bxe5 Bf1
44.Bd4 Be7 45.Kg1 Bc4 46.b3 Bd3 47.Bc3 Bd8 48.a4 Kf8 49.Kf2 Bc7 50.b4 f6
51.h4 Ke7 52.Bd4 Kd7 53.Kf3 Bd6 54.Bc3 Kc7 55.Bd5 Bc2 56.b5 axb5 57.Ba5+ Kb8
58.axb5 Bd1+ 59.Kf2 Bg4 60.Bc3 Bd7 61.b6 Bg4 62.Bd4 h5 63.Kg2 Kc8 64.Bc3 Bc5
65.b7+ Kb8 66.Be1 Bd6 67.Bg3 Be5 68.Kf2 Bd7 69.Bxe5+ fxe5 70.Ke1 Bb5 71.Kd2 Ba6
72.Kc3 Bxb7 73.Kc4 Ba6+ 74.Kc5 Kc7 75.Ba8 Kd7 76.Kd5 Ke7 77.Kxe5 Bc8 78.Kf4 Bg4
79.e5 Ke6 80.Bb7 Be2 81.Bc8+ Kf7 82.Bf5 Ke7 83.Kg5 Bf3 84.Bg6 Ke6 85.Bxh5 Be4
86.Kf4 Bc2 87.Bg4+ Ke7 88.Bf5 Ba4 89.Kg5 Be8 90.Bc8 Kf8 91.h5 Ke7 92.Bf5 Bc6
93.Bh7 Be8 94.Bg6 Bb5 95.Bh7 Bc6 96.Bg8 Be4 97.e6 Bd3 98.Bf7 Be4 99.Bg6 Bc6
100.Bf5 Bb5 101.Bg4 Bd3 102.Kf4 Bb5 103.Kf5 Be8 104.e4 Kd6 105.h6 gxh6 106.Kf6 h5
107.e5+ Kd5 108.Bf3+ Kd4 109.e7 h4 110.Bg2 Ke3 111.Bh3 Kf4 112.Be6 Bc6 113.Bd5 Bd7
114.e6 Be8 115.Bg2 Kg3 116.Bf1 Kf4 117.Bh3 Ke4 118.Bf5+ Kf4 119.Bg6  1-0

[Event "JUG-ch Podgorica"]
[Site "Podgorica"]
[Date "1996.??.??"]
[Round "13"]
[White "Ilincic, Zlatko"]
[Black "Blagojevic, Dragisa"]
[Result "0-1"]
[WhiteElo "2555"]
[BlackElo "2450"]

1.d4 d5 2.c4 c6 3.Nf3 Nf6 4.Nc3 e6 5.e3 Nbd7 6.Bd3 dxc4 7.Bxc4 b5 8.Bb3 b4
9.Na4 Ba6 10.Bd2 c5 11.dxc5 Nxc5 12.Nxc5 Bxc5 13.Ba4+ Kf8 14.Rc1 Qb6 15.Ne5 Rc8
16.Qb3 g6 17.Nc4 Qb8 18.O-O Kg7 19.Rfd1 Ng4 20.g3 Qb7 21.Rf1 Rhd8 22.h3 Ne5
23.Nxe5 Bxf1 24.Rxf1 Rxd2 25.Nc4 Rdd8 26.a3 Qd5 27.axb4 Bxb4 28.Rc1 a5 29.Qa2 Qf5
30.h4 Rd2 31.Rf1 Re2 32.Bd1 Re1 33.b3 Rd8 34.Be2 Qf6 35.Kg2 Rd2  0-1

[Event "POL-ch"]
[Site "Poland"]
[Date "1996.??.??"]
[Round "13"]
[White "Kempinski, Robert"]
[Black "Matlak, Marek"]
[Result "1/2-1/2"]
[WhiteElo "2475"]
[BlackElo "2450"]

1.d4 d5 2.c4 c6 3.Nc3 Nf6 4.Nf3 e6 5.e3 Nbd7 6.Qc2 b6 7.Bd2 Bb7 8.cxd5 cxd5
9.Bd3 a6 10.O-O Bd6 11.e4 dxe4 12.Nxe4 Be7 13.Bf4 Nxe4 14.Bxe4 Rc8 15.Qe2 Bxe4
16.Qxe4 Nf6 17.Qb7 Nd5 18.Be5 f6 19.Bg3 a5 20.Rac1 Kf7 21.Nd2 Rxc1 22.Rxc1 Qa8
23.Qxa8 Rxa8 24.a4 Ke8 25.Nc4 Kd7 26.Ne3 Rc8 27.Rxc8 Kxc8 28.Nxd5 exd5 29.Kf1 Kd7
30.Ke2 Kc6 31.h4 b5 32.b3 bxa4 33.bxa4 Kd7 34.f3 Bd8  1/2-1/2

[Event "Rubinstein mem"]
[Site "Polanica Zdroj"]
[Date "1996.??.??"]
[Round "2"]
[White "Krasenkow, Michal"]
[Black "Oll, Lembit"]
[Result "1-0"]
[WhiteElo "2605"]
[BlackElo "2620"]

1.d4 d5 2.c4 c6 3.Nc3 Nf6 4.e3 e6 5.Nf3 Nbd7 6.Bd3 dxc4 7.Bxc4 b5 8.Bd3 Bb7
9.O-O a6 10.e4 c5 11.d5 c4 12.dxe6 fxe6 13.Bc2 Qc7 14.Nd4 Nc5 15.Be3 e5 16.Nf5 Rd8
17.Qf3 Bd6 18.Rad1 Bc8 19.Nd5 Nxd5 20.Nxd6+ Rxd6 21.Qh5+ Rg6 22.exd5 Nd3
23.Bxd3 cxd3 24.Rc1 Qb8 25.Ba7  1-0

[Event "Polanica Zdroj op"]
[Site "Polanica Zdroj"]
[Date "1996.??.??"]
[Round "4"]
[White "Staniszewski, Piotr"]
[Black "Litwin, Jozef"]
[Result "1/2-1/2"]
[WhiteElo "2420"]
[BlackElo "2275"]

1.d4 d5 2.c4 c6 3.Nc3 Nf6 4.e3 e6 5.Nf3 Nbd7 6.Qc2 Bd6 7.Be2 O-O 8.O-O Qe7
9.Rd1 dxc4 10.Bxc4 e5 11.h3 h6 12.Nh4 Nb6 13.Ng6 Qc7 14.dxe5 Bxe5 15.Nxe5 Qxe5
16.Bd3 Nbd5 17.Nxd5 Nxd5 18.Bd2 Be6 19.e4 Nf4 20.Bf1 Rad8 21.Be3 Rxd1 22.Rxd1 Re8
23.Bxa7 Ra8 24.Bc5 Qg5 25.Kh2 Rxa2 26.Ba3 Qe5 27.Kh1 Qa5 28.Qc1 Bb3 29.Qxf4 Rxa3
30.bxa3 Bxd1 31.Bc4 Bh5 32.e5 Qe1+ 33.Kh2 Bg6 34.Qd4 Qe4 35.Qc5 b6 36.Qb4 b5  1/2-1/2

[Event "Rubinstein mem"]
[Site "Polanica Zdroj"]
[Date "1996.??.??"]
[Round "5"]
[White "Kempinski, Robert"]
[Black "Krasenkow, Michal"]
[Result "1/2-1/2"]
[WhiteElo "2510"]
[BlackElo "2605"]

1.d4 Nf6 2.c4 e6 3.Nf3 d5 4.Nc3 c6 5.e3 Nbd7 6.Bd3 Bd6 7.O-O O-O 8.e4 dxe4
9.Nxe4 Nxe4 10.Bxe4 h6 11.b3 e5 12.dxe5 Nxe5 13.Bb2 Qf6 14.Nxe5  1/2-1/2

[Event "Rubinstein mem"]
[Site "Polanica Zdroj"]
[Date "1996.??.??"]
[Round "7"]
[White "Kempinski, Robert"]
[Black "Beliavsky, Alexander G"]
[Result "1/2-1/2"]
[WhiteElo "2510"]
[BlackElo "2620"]

1.d4 d5 2.Nf3 Nf6 3.c4 c6 4.Nc3 e6 5.e3 Nbd7 6.Qc2 Bd6 7.g4 O-O 8.g5 Ne4
9.Nxe4 dxe4 10.Qxe4 e5 11.Bd2 f5 12.Qh4 e4 13.g6 Qxh4 14.Nxh4 f4 15.c5 fxe3
16.Bxe3 Be7 17.Ng2 Nf6 18.Nf4 Ng4 19.Bc4+ Kh8 20.gxh7 Kxh7 21.h4 b6 22.cxb6 axb6
23.Ne6 Bxe6 24.Bxe6 Nxe3 25.fxe3 Rf3 26.Ke2 Raf8 27.Raf1 Rxf1 28.Rxf1 Rxf1
29.Kxf1 Kg6 30.h5+ Kg5 31.Ke2 c5 32.dxc5 Bxc5 33.a3 Kf6 34.Bg8 Ke5 35.b4 Be7
36.Kd2 Bg5 37.a4  1/2-1/2

[Event "Polanica Zdroj op"]
[Site "Polanica Zdroj"]
[Date "1996.??.??"]
[Round "8"]
[White "Murdzia, Piotr"]
[Black "Nizynski, Maciej"]
[Result "1-0"]
[WhiteElo "2375"]
[BlackElo "2255"]

1.d4 d5 2.c4 c6 3.e3 Nf6 4.Nc3 e6 5.Nf3 Nbd7 6.Bd3 dxc4 7.Bxc4 b5 8.Bd3 a6
9.O-O c5 10.a4 b4 11.Ne4 Bb7 12.Nxf6+ Nxf6 13.Qe2 cxd4 14.e4 Be7 15.Rd1 O-O
16.e5 Nd7 17.Nxd4 Qa5 18.Nxe6 fxe6 19.Bxh7+ Kxh7 20.Rxd7 Bc5 21.Qh5+ Kg8
22.Rxb7 Rxf2 23.Rxg7+ Kxg7 24.Bh6+ Kh7 25.Be3+ Kg7 26.Qg5+ Kh7 27.Qh4+  1-0